000 01076nam a22002897a 4500
001 ENG-90715
005 20060202050320.0
008 080812t xxu||||| |||| 00| p eng d
010 _aENG-90715
020 _a9788184350180
_c750.00
035 _aEN-74248
037 _bDBAD / PUB
040 _aDPL
082 _a881.08
245 _aRainbow redemption :
_cedited by Binod Mishra
_bnew bearings in Indian English poetry /
246 _aEducational management and administration
246 _aEMA
260 _aNew Delhi
_bAdhyayan Publishers & Distributors
_c2007
300 _axxvi, 303p.
_c22 cm.(Hb)
500 _aIncludes index
650 _aEnglish poetry
_zIndia
_xHistory and criticism
700 _aMishra, Binod
942 _2ddc
_cEN
_h881.08
_mRAI
999 _c14824
_d14824